[Event "Let's Play Chess!"]
[Site "http://www.queenalice.com/game.php?id=204945"]
[Date "2007.5.2"]
[Round "-"]
[White "cacau_crazy"]
[Black "aleuhirov"]
[Result "0-1"]
[WhiteElo "1194"]
[BlackElo "2126"]

1. e4 e5 2. Nf3 Nc6 3. Nc3 Nf6 4. Bc4 Nxe4 5. Nxe4 d5 6. Bxd5 Qxd5 7. Nc3 Qa5 8.
d4 Bg4 9. h3 Bxf3 10. Qxf3 exd4 11. Bd2 dxc3 12. Qe3+ Qe5 13. Bxc3 Qxe3+ 14.
fxe3 O-O-O 15. Rf1 f6 0-1

[Event "Challenge"]
[Site "http://www.queenalice.com/game.php?id=204979"]
[Date "2007.5.2"]
[Round "-"]
[White "cacau_crazy"]
[Black "RAHOOD"]
[Result "0-1"]
[WhiteElo "1203"]
[BlackElo "1581"]

1. e4 c5 2. Nc3 Nc6 3. Nf3 Nf6 4. Bc4 e6 5. d4 cxd4 6. Nxd4 Bb4 7. Nxc6 bxc6 8.
e5 Qa5 9. Bd2 Qxe5+ 10. Qe2 Qxe2+ 11. Kxe2 d5 12. Bb3 Ba6+ 13. Ke1 Rb8 14. Bf4
Rb7 15. Be5 Nd7 16. a3 Be7 17. Bxg7 Rg8 18. Bd4 e5 19. Be3 d4 20. Ne4 dxe3 21.
fxe3 Rxg2 22. Rf1 Bh4+ 23. Rf2 Bxf2+ 24. Nxf2 Nc5 0-1

[Event "Challenge"]
[Site "http://www.queenalice.com/game.php?id=205014"]
[Date "2007.5.2"]
[Round "-"]
[White "cacau_crazy"]
[Black "Marcelo_Araujo"]
[Result "0-1"]
[WhiteElo "1335"]
[BlackElo "1706"]

1. e4 d6 2. d4 Nf6 3. Nc3 g6 4. Nf3 Bg7 5. Bg5 O-O 6. Bc4 h6 7. Bxf6 Bxf6 8. e5
dxe5 9. dxe5 Bg7 10. Nh4 Bxe5 11. Nxg6 Bxc3+ 12. bxc3 Re8 13. Qf3 Be6 14. Ne5
Rf8 15. Bxe6 fxe6 16. Qg4+ Kh8 17. Ng6+ Kh7 18. Nxf8+ Qxf8 19. Qe4+ Qf5 0-1

[Event "Challenge"]
[Site "http://www.queenalice.com/game.php?id=205052"]
[Date "2007.5.2"]
[Round "-"]
[White "cacau_crazy"]
[Black "jlpbarreto"]
[Result "0-1"]
[WhiteElo "1342"]
[BlackElo "1700"]

1. e4 e6 2. d4 d5 3. Nc3 Bb4 4. e5 c5 5. Qd2 Nc6 6. Nf3 cxd4 7. Nxd4 Nxe5 8. a3
Be7 9. Qe3 Nf6 10. Qxe5 Qb6 11. Ncb5 Kd7 12. Nc3 Bd6 13. Bb5+ Ke7 14. Qe3 g6 0-1

[Event "AUTO-OPEN-644"]
[Site "http://www.queenalice.com/game.php?id=205187"]
[Date "2007.5.2"]
[Round "1"]
[White "DSRelva"]
[Black "cacau_crazy"]
[Result "1-0"]
[WhiteElo "1841"]
[BlackElo "1335"]

1. e4 e5 2. Nf3 Nc6 3. Bb5 Nd4 4. Nxd4 exd4 5. Qf3 c6 6. Bc4 d5 7. exd5 cxd5 8.
Bxd5 Qe7+ 9. Qe4 Nf6 10. Qxe7+ Bxe7 11. Bc4 Bf5 12. d3 1-0

[Event "AUTO-OPEN-644"]
[Site "http://www.queenalice.com/game.php?id=205188"]
[Date "2007.5.2"]
[Round "1"]
[White "cacau_crazy"]
[Black "bixiga"]
[Result "0-1"]
[WhiteElo "1332"]
[BlackElo "1068"]

1. e4 Nf6 2. Nc3 e5 3. Bc4 Qe7 4. Nf3 Nc6 5. d3 Ng4 6. Ng5 Nh6 7. Nf3 d6 8. Nd5
Qd7 9. Bb5 a6 10. Bxc6 Qxc6 11. O-O Bg4 12. Bxh6 gxh6 13. Nf6+ Ke7 14. Nxg4 h5
15. Ne3 Qd7 16. Nd5+ Kd8 17. Nf6 Qe7 18. Nd5 Qe6 19. Ng5 Qg6 0-1

[Event "AUTO-OPEN-644"]
[Site "http://www.queenalice.com/game.php?id=205189"]
[Date "2007.5.2"]
[Round "1"]
[White "bixiga"]
[Black "cacau_crazy"]
[Result "0-1"]
[WhiteElo "998"]
[BlackElo "1500"]

1. e4 e5 2. Nf3 d5 3. Nxe5 Qe7 4. Qh5 g6 5. Qf3 Qxe5 6. Bb5+ Nc6 7. Ba4 Bh6 8.
O-O Nf6 9. d3 dxe4 10. Qe2 Ng4 11. Qxe4 O-O 12. Nc3 Qxh2# 0-1

[Event "AUTO-OPEN-645"]
[Site "http://www.queenalice.com/game.php?id=205671"]
[Date "2007.5.3"]
[Round "1"]
[White "jlpbarreto"]
[Black "cacau_crazy"]
[Result "1-0"]
[WhiteElo "1741"]
[BlackElo "1335"]

1. e4 e5 2. Nf3 Nc6 3. Bc4 Nf6 4. d3 Bc5 5. O-O Ng4 6. h3 Nxf2 7. Rxf2 Bxf2+ 8.
Kxf2 Nd4 9. Be3 Nxf3 10. Qxf3 Qh4+ 11. Ke2 f6 12. Nc3 d6 13. Nd5 1-0

[Event "AUTO-OPEN-645"]
[Site "http://www.queenalice.com/game.php?id=205701"]
[Date "2007.5.3"]
[Round "1"]
[White "fernandosoares"]
[Black "cacau_crazy"]
[Result "1-0"]
[WhiteElo "1176"]
[BlackElo "1240"]

1. e4 e5 2. g4 Nf6 3. Nf3 Nxe4 4. Nxe5 Qe7 5. d4 d6 6. Qf3 dxe5 7. Qxe4 Nc6 8.
dxe5 Nxe5 9. h3 Nf3+ 10. Ke2 Qxe4+ 11. Be3 1-0

[Event "AUTO-OPEN-645"]
[Site "http://www.queenalice.com/game.php?id=205702"]
[Date "2007.5.3"]
[Round "1"]
[White "cacau_crazy"]
[Black "fernandosoares"]
[Result "0-1"]
[WhiteElo "1277"]
[BlackElo "1155"]

1. e4 e6 2. d4 Qh4 3. Nc3 d5 4. exd5 exd5 5. Nxd5 Qe4+ 6. Ne3 Nc6 7. Nf3 Bb4+ 8.
c3 Bd6 9. Bd3 Qe6 10. Bc4 Qd7 0-1

[Event "Let's Play Chess!"]
[Site "http://www.queenalice.com/game.php?id=207206"]
[Date "2007.5.6"]
[Round "-"]
[White "cacau_crazy"]
[Black "CampbellMarcel"]
[Result "0-1"]
[WhiteElo "1400"]
[BlackElo "1511"]

1. e4 c5 2. Bc4 e6 3. d3 Nc6 4. Nf3 a6 5. Bg5 f6 6. Be3 b5 7. Bb3 Bb7 8. a4 b4
9. d4 Na5 10. Qd3 Nxb3 11. cxb3 cxd4 12. Qxd4 a5 13. O-O Ne7 14. Nbd2 Nc6 15.
Qd3 Ba6 16. Qb1 Bxf1 17. Qxf1 Be7 18. Nc4 O-O 19. Bb6 Qc8 20. Be3 d5 21. Nb6 Qa6
22. Qc1 dxe4 23. Qxc6 Rad8 24. Nd4 Rd6 25. Qc7 Qxb6 26. Qxe7 Rxd4 27. Bxd4 Qxd4
28. Qxe6+ Kh8 29. Re1 f5 30. g4 fxg4 31. Re2 Qd1+ 32. Kg2 Qxe2 33. Qb6 Qxb2 34.
Qe3 Qe5 35. h3 gxh3+ 36. Kxh3 Rf3+ 37. Qxf3 exf3 0-1

[Event "Let's Play Chess!"]
[Site "http://www.queenalice.com/game.php?id=207372"]
[Date "2007.5.7"]
[Round "-"]
[White "cacau_crazy"]
[Black "ihwitz"]
[Result "0-1"]
[WhiteElo "1209"]
[BlackElo "1517"]

1. e4 e6 2. Nc3 a6 3. d4 c6 4. Nf3 d5 5. e5 Ne7 6. Bg5 Qb6 7. Rb1 Qc7 8. g3 b5
9. b4 a5 10. a4 Nf5 11. axb5 Bxb4 12. Bd2 cxb5 13. Nxb5 Qb6 14. Bxb4 axb4 15.
Rxb4 O-O 16. c3 Qc6 0-1